Využitie digitálnych nástrojov pre trhový výskum v kontexte exportu MSP bakalárska práca

Saved in:
Bibliographic Details
Main Author: Švaral, Matúš
Corporate Author: Obchodná fakulta EU. Katedra medzinárodného obchodu
Other Authors: Petrovič, Marek, 1992-
Format: Book
Language:Slovak
Published: Bratislava 2025
Tags: Add Tag
No Tags, Be the first to tag this record!

MARC

LEADER 00000nbm a2200000 4500
001 0311051
005 20251106113004.2
041 0 |a slo 
044 |a SK 
245 1 0 |a Využitie digitálnych nástrojov pre trhový výskum v kontexte exportu MSP  |b bakalárska práca  |c Matúš Švaral ; školiteľ: Marek Petrovič 
264 1 |a Bratislava  |c 2025 
300 |a 49 s. 
100 1 |a Švaral, Matúš 
700 1 |a Petrovič, Marek, 1992- 
710 2 |a Obchodná fakulta EU. Katedra medzinárodného obchodu